Score 0/18 Timer 01:00
15 Plays Today
% Correct
Turkey 3
66.4%
Turkey 6
65.6%
Turkey 16
65.6%
Turkey 7
65.2%
Turkey 5
64.2%
Turkey 15
64.1%
Turkey 18
63.2%
Turkey 10
62.9%
Turkey 17
62.9%
% Correct
Turkey 2
62.6%
Turkey 9
62.6%
Turkey 14
62.5%
Turkey 4
62.2%
Turkey 1
60.6%
Turkey 12
60.3%
Turkey 13
58.3%
Turkey 8
57.9%
Turkey 11
56.3%

You're not logged in!

Compare scores with friends on all Sporcle quizzes.
OR
Log In

Sporcle TV

Today on Sporcle TV


Watch our educational content, quiz creation guides, and fun videos on Sporcle TV.

Show Comments

Extras

Top Quizzes Today


Score Distribution

Paid Content

Your Account Isn't Verified!

In order to create a playlist on Sporcle, you need to verify the email address you used during registration. Go to your Sporcle Settings to finish the process.

Report this User

Report this user for behavior that violates our Community Guidelines.

Details: